| 000 | 01263nam0a22002531 4500 | ||
|---|---|---|---|
| 001 | rc\582793 | ||
| 005 | 20031121162947.4 | ||
| 035 | _a(NLR Aleph) 005830165 | ||
| 090 |
_a5571635 _c5571635 |
||
| 100 | _a20031121d1987 u |0rusy50 ca | ||
| 101 | 0 | _arus | |
| 102 | _aRU | ||
| 105 | _aa ||||||||| | ||
| 200 | 1 |
_aОБЛАСТИ применения и технологические возможности роторных и роторно-конвейерных линий обработки давлением _eМетод. рекомендации _fМ-во станкостроит. и инструм. пром-сти СССР, Эксперим. НИИ кузнеч.-прессового машиностроения (ЭНИКмаш) _g[Разраб. В.С. Шаршов и др.] |
|
| 210 |
_aМ. _cВНИИТЭМР _d1987 |
||
| 215 |
_a[1], 29 с. _cсхем. _d22 |
||
| 320 | _aБиблиогр.: с. 29 | ||
| 702 | 1 |
_aШаршов _bВ. С. _gВиктор Семенович _4570 |
|
| 712 | 0 | 2 |
_aЭкспериментальный НИИ кузнечно-прессового машиностроения _cВоронеж _3RU\NLR\AUTH\889993890 |
| 801 | 0 |
_aRU _bNLR _gpsbo |
|
| 801 | 1 |
_aRU _bELAR _2rusmarc |
|
| 852 |
_aNLR _j88-6/4690 |
||
| 942 | _cBOOK | ||
| 980 | _aNB | ||